000 01603nam a22002297a 4500
999 _c59872
_d59872
003 Ge_BSU
005 20230503155941.0
008 230503s2007 ge ||||| |||| 00| 0 geo d
020 _a9789994098729
041 _ageo
080 _a7.025.3+005 ს-85
100 _aსტოველი, ჰერბ
_917935
245 _aრისკისთვის მზადყოფნა:
_bმსოფლიო კულტურული მემკვიდრეობის მენეჯმენტის სახელმძღვანელო = Risk preparedness: A management manual for Worlde Cultural Heritage /
_cჰერბ სტოველი ; [რედ. დ. თუმანიშვილი ; ქართ. ტექსტი მოამზადა ს. სახანბერიძემ ; საქ. კულტ., ძეგლთა დაცვისა და სპორტის სამინ.].
264 _aთბილისი :
_b[ნეკერი],
_c2007.
300 _a202გვ. ;
_b20სმ.
653 _aკულტურის ძეგლთა დაცვა. მენეჯმენტი
653 _aთარგმანები ქართულ ენაზე
700 _aთუმანიშვილი, დიმიტრი
_eრედაქტორი
_94765
700 _aსახანბერიძე, ს.
_eმთარგმნელი
_917936
710 _aსაქ. კულტ., ძეგლთა დაცვისა და სპორტის სამინისტრო
_917648
942 _2udc
_cBK